[Event "Titled Tue 24th Jun Early"]
[Site "chess.com INT"]
[Date "2025.06.24"]
[Round "3"]
[White "Molina, Roberto Junio Brito"]
[Black "Saiz Rodriguez, Daniel Evelio"]
[Result "1-0"]
[WhiteTitle "IM"]
[BlackTitle "FM"]
[WhiteElo "2381"]
[BlackElo "2187"]
[WhiteFideId "2109450"]
[BlackFideId "3523420"]
[EventDate "2025.06.24"]

1. d4 d5 2. c4 e6 3. Nc3 Nf6 4. cxd5 Nxd5 5. e4 Nxc3 6. bxc3 c5 7. Nf3 cxd4 8.
cxd4 Bb4+ 9. Bd2 Bxd2+ 10. Qxd2 O-O 11. Bc4 b6 12. O-O Bb7 13. Rfe1 Nd7 14. Rad1
Rc8 15. Bb3 h6 16. Qf4 Nf6 17. d5 exd5 18. e5 Nh7 19. h4 Re8 20. Nd4 Nf8 21. Nf5
Ng6 22. Qg3 h5 23. Nd6 Rc7 24. e6 1-0

[Event "Titled Tue 24th Jun Early"]
[Site "chess.com INT"]
[Date "2025.06.24"]
[Round "3"]
[White "Marchesich, Giovanni"]
[Black "Watanabe, Akira"]
[Result "1-0"]
[WhiteTitle "CM"]
[BlackTitle "FM"]
[WhiteElo "2189"]
[BlackElo "2284"]
[WhiteFideId "2824790"]
[BlackFideId "7000227"]
[EventDate "2025.06.24"]

1. d4 Nf6 2. Nc3 d5 3. Bf4 e6 4. e3 Be7 5. g4 c6 6. g5 Nfd7 7. Nf3 b6 8. h4 Ba6
9. h5 Bxf1 10. Kxf1 Nf8 11. e4 Nbd7 12. Rg1 Qc8 13. Qe2 a5 14. Re1 Qa6 15. Qxa6
Rxa6 16. a4 Ra8 17. exd5 cxd5 18. Nb5 Kd8 19. g6 hxg6 20. hxg6 Nxg6 21. Bg5 Bxg5
22. Nxg5 Rf8 23. Nxe6+ fxe6 24. Rxg6 Rc8 25. c3 Rc6 26. Rxg7 1-0

[Event "Titled Tue 24th Jun Early"]
[Site "chess.com INT"]
[Date "2025.06.24"]
[Round "3"]
[White "Shevchenko, Yaroslav"]
[Black "Gu, Xiaobing"]
[Result "1-0"]
[BlackTitle "WGM"]
[WhiteElo "2179"]
[BlackElo "2148"]
[WhiteFideId "34144684"]
[BlackFideId "8602611"]
[EventDate "2025.06.24"]

1. e4 c5 2. Nf3 d6 3. Bb5+ Nc6 4. O-O Bd7 5. c3 Nf6 6. Re1 a6 7. Bf1 Bg4 8. h3
Bh5 9. d4 cxd4 10. cxd4 Bxf3 11. Qxf3 Nxd4 12. Qd1 e5 13. Nc3 h6 14. Be3 Ne6 15.
Na4 Be7 16. Nb6 Rb8 17. Qa4+ Nd7 18. Rad1 O-O 19. Nxd7 b5 20. Qxa6 Qxd7 21. a3
Nc7 22. Qa5 d5 23. exd5 Nxd5 24. a4 Bb4 25. Qxb4 Nxb4 26. Rxd7 bxa4 27. Bc5 Nc2
28. Rc1 Rxb2 29. Bxf8 Kxf8 30. Bd3 Nd4 31. Rc8# 1-0

[Event "Titled Tue 24th Jun Early"]
[Site "chess.com INT"]
[Date "2025.06.24"]
[Round "3"]
[White "Huh, Isaak"]
[Black "Punin, Andrii"]
[Result "0-1"]
[WhiteTitle "CM"]
[BlackTitle "FM"]
[WhiteElo "2139"]
[BlackElo "2289"]
[WhiteFideId "13209590"]
[BlackFideId "14112639"]
[EventDate "2025.06.24"]

1. Nf3 c5 2. g3 Nc6 3. Bg2 e5 4. O-O d5 5. d3 Be7 6. Nbd2 h5 7. e4 d4 8. Nc4 Qc7
9. a4 h4 10. Ng5 Bxg5 11. Bxg5 f6 12. Bd2 g5 13. Qf3 Be6 14. b3 O-O-O 15. a5 Kb8
16. Rfb1 Qh7 17. Kf1 hxg3 18. hxg3 Bh3 19. Ke2 g4 0-1

[Event "Titled Tue 24th Jun Early"]
[Site "chess.com INT"]
[Date "2025.06.24"]
[Round "3"]
[White "Miranda Camus, Joaquin Ignacio"]
[Black "Harsh, Suresh"]
[Result "0-1"]
[WhiteTitle "FM"]
[BlackTitle "IM"]
[WhiteElo "2196"]
[BlackElo "2392"]
[WhiteFideId "3449300"]
[BlackFideId "45018464"]
[EventDate "2025.06.24"]

1. Nf3 g6 2. g3 Bg7 3. Bg2 d5 4. O-O e5 5. d3 Ne7 6. Nbd2 O-O 7. c4 c6 8. Rb1 a5
9. a3 h6 10. b3 Be6 11. Bb2 Nd7 12. Qc2 Qb8 13. b4 axb4 14. axb4 Qd6 15. c5 Qc7
16. e4 d4 17. Nc4 b5 18. cxb6 Nxb6 19. Na5 Rfc8 20. Rfc1 Nd7 21. Nc4 Rcb8 22.
Ra1 Rxa1 23. Rxa1 Nb6 24. Na5 Nbc8 25. Ba3 Nd6 26. Rc1 Nb5 27. Bb2 Rb6 28. Nd2
Ra6 29. f4 exf4 30. gxf4 Qxf4 31. Ndc4 Nc3 32. Bxc3 dxc3 33. Qxc3 Bxc3 0-1

[Event "Titled Tue 24th Jun Early"]
[Site "chess.com INT"]
[Date "2025.06.24"]
[Round "3"]
[White "Ter-Sahakyan, Samvel"]
[Black "Tregubov, Pavel V."]
[Result "1-0"]
[WhiteTitle "GM"]
[BlackTitle "GM"]
[WhiteElo "2611"]
[BlackElo "2550"]
[WhiteFideId "13302531"]
[BlackFideId "4115341"]
[EventDate "2025.06.24"]

1. d4 Nf6 2. c4 e6 3. Nc3 Bb4 4. e3 O-O 5. Bd3 d5 6. a3 dxc4 7. Bxc4 Be7 8. Nf3
c5 9. O-O Nc6 10. dxc5 Bxc5 11. Qe2 a6 12. b4 Bd6 13. Bb2 b5 14. Ba2 Bb7 15.
Rac1 Rc8 16. Rfd1 Qc7 17. Bb1 Qb8 18. Ne4 Nxe4 19. Bxe4 f5 20. Ng5 fxe4 21. Qh5
h6 22. Qg6 1-0

[Event "Titled Tue 24th Jun Early"]
[Site "chess.com INT"]
[Date "2025.06.24"]
[Round "3"]
[White "Sobek, Jaroslav"]
[Black "Szczepanek, Radoslaw"]
[Result "0-1"]
[WhiteTitle "FM"]
[BlackTitle "CM"]
[WhiteElo "2195"]
[BlackElo "2197"]
[WhiteFideId "301388"]
[BlackFideId "1120395"]
[EventDate "2025.06.24"]

1. d4 Nf6 2. c4 e6 3. Bf4 Bb4+ 4. Nd2 c5 5. dxc5 O-O 6. e3 Na6 7. a3 Bxd2+ 8.
Qxd2 Nxc5 9. Rd1 d5 10. b4 Nce4 11. Qc2 Qe7 12. cxd5 exd5 13. Nf3 Bf5 14. Bd3
Rac8 15. Qb3 Rc3 16. Qb2 Rfc8 17. O-O Bg4 18. Rfe1 h6 19. h3 Bxf3 20. gxf3 Ng5
21. Bf1 Nxf3+ 22. Kg2 Qe4 23. Kh1 Nxe1+ 0-1

[Event "Titled Tue 24th Jun Early"]
[Site "chess.com INT"]
[Date "2025.06.24"]
[Round "3"]
[White "Willim, Michael"]
[Black "Jval Saurin Patel"]
[Result "0-1"]
[WhiteTitle "CM"]
[BlackTitle "FM"]
[WhiteElo "2024"]
[BlackElo "2331"]
[WhiteFideId "4632435"]
[BlackFideId "25968343"]
[EventDate "2025.06.24"]

1. c4 c6 2. Nc3 Nf6 3. Nf3 g6 4. d4 d5 5. e3 Bg7 6. Bd3 O-O 7. O-O a6 8. Bd2
dxc4 9. Bxc4 b5 10. Bd3 c5 11. Rc1 Nc6 12. Qe2 Bg4 13. dxc5 Bxf3 14. gxf3 Ne5
15. Be4 Nxe4 16. Nxe4 f5 17. Ng5 h6 18. Ne6 Qxd2 19. Qxd2 Nxf3+ 20. Kg2 Nxd2 21.
Rfd1 Rf6 22. Nxg7 Nc4 23. b3 Ne5 24. c6 Nxc6 0-1

[Event "Titled Tue 24th Jun Early"]
[Site "chess.com INT"]
[Date "2025.06.24"]
[Round "3"]
[White "Cardenas Carbajal, Nilson"]
[Black "Rabin, Evan"]
[Result "0-1"]
[WhiteTitle "CM"]
[WhiteElo "2041"]
[BlackElo "1945"]
[WhiteFideId "8401128"]
[BlackFideId "2028670"]
[EventDate "2025.06.24"]

1. e4 Nf6 2. e5 Nd5 3. c4 Nb6 4. d4 d6 5. exd6 cxd6 6. Nc3 g6 7. Be3 Bg7 8. Rc1
O-O 9. b3 e5 10. dxe5 dxe5 11. c5 Qxd1+ 12. Rxd1 N6d7 13. Nb5 Nc6 14. Nc7 Rb8
15. Nf3 Rd8 16. Bg5 f6 17. Bc4+ Kh8 18. Ne6 Re8 19. Be3 e4 20. Nfd4 Nde5 21.
Nxg7 Kxg7 22. Bd5 Nd3+ 23. Ke2 Bg4+ 24. f3 exf3+ 25. Kxd3 fxg2 26. Rhg1 Nb4+ 27.
Kc4 Nxd5 28. Kxd5 Bxd1 29. Rxd1 Rxe3 30. Rg1 Rd8+ 31. Kc4 Re4 0-1

[Event "Titled Tue 24th Jun Early"]
[Site "chess.com INT"]
[Date "2025.06.24"]
[Round "3"]
[White "Kourkoulos-Arditis, Stamatis"]
[Black "Bacus, Dharim"]
[Result "1/2-1/2"]
[WhiteTitle "GM"]
[BlackTitle "FM"]
[WhiteElo "2580"]
[BlackElo "2131"]
[WhiteFideId "4221990"]
[BlackFideId "5201527"]
[EventDate "2025.06.24"]

1. b3 Nf6 2. Bb2 e6 3. Nf3 Be7 4. c4 O-O 5. e3 b6 6. g3 Bb7 7. Bg2 d5 8. O-O
Nbd7 9. cxd5 Nxd5 10. Nc3 Ba6 11. Nxd5 exd5 12. Re1 Nc5 13. Ne5 Bf6 14. Nc6 Qd6
15. Bxf6 Qxc6 16. Bd4 Nd3 17. Rf1 Qd7 18. Qh5 c5 19. Bxg7 Kxg7 20. Qg5+ Kh8 21.
Qf6+ Kg8 22. Qg5+ Kh8 23. Qf6+ Kg8 24. Qg5+ Kh8 1/2-1/2

[Event "Titled Tue 24th Jun Early"]
[Site "chess.com INT"]
[Date "2025.06.24"]
[Round "3"]
[White "Silva, Pedro Gil Ferreira Da"]
[Black "Askarov, Bakhtiyar"]
[Result "0-1"]
[WhiteTitle "FM"]
[BlackTitle "IM"]
[WhiteElo "2269"]
[BlackElo "2297"]
[WhiteFideId "1946102"]
[BlackFideId "13701100"]
[EventDate "2025.06.24"]

1. e4 c5 2. Nf3 Nc6 3. Bb5 e6 4. Bxc6 bxc6 5. d3 Ne7 6. Qe2 Ng6 7. e5 Be7 8. h4
h5 9. Nc3 O-O 10. Ng5 f6 11. exf6 Rxf6 12. Qxh5 Nf8 13. Nce4 Rg6 14. Qf3 Qe8 15.
h5 Rh6 16. Bf4 e5 17. Bxe5 Bxg5 18. Bd6 Rxd6 19. O-O Rd5 20. Rfe1 Qf7 21. Qg3
Bf4 22. Qh4 Rxh5 23. Qd8 Bb7 0-1

[Event "Titled Tue 24th Jun Early"]
[Site "chess.com INT"]
[Date "2025.06.24"]
[Round "3"]
[White "Zozek Salah Mohammed"]
[Black "Bustelo, Tabare"]
[Result "1/2-1/2"]
[WhiteTitle "FM"]
[BlackTitle "CM"]
[WhiteElo "2205"]
[BlackElo "2043"]
[WhiteFideId "4803361"]
[BlackFideId "3000362"]
[EventDate "2025.06.24"]

1. d4 c5 2. Nf3 b6 3. g3 Bb7 4. Bg2 d6 5. O-O g6 6. c4 Bg7 7. Nc3 Nf6 8. b3 O-O
9. Bb2 Na6 10. Re1 Ne4 11. Rc1 Rb8 12. d5 Nxc3 13. Bxc3 Bc8 14. a4 Bxc3 15. Rxc3
Nb4 16. e4 e5 17. dxe6 Bxe6 18. Qd2 Qf6 19. Rd1 Rbd8 20. Re3 Bg4 21. h3 Bxf3 22.
Bxf3 Rfe8 23. Bg2 Nc6 24. Qd5 Nd4 25. f4 Nc2 26. Re2 Nd4 27. Re3 Nc2 28. Re2 Nd4
29. Re3 1/2-1/2

[Event "Titled Tue 24th Jun Early"]
[Site "chess.com INT"]
[Date "2025.06.24"]
[Round "3"]
[White "Linares Orellana, Hector Jose"]
[Black "Sipila, Vilka"]
[Result "0-1"]
[WhiteTitle "FM"]
[BlackTitle "IM"]
[WhiteElo "2111"]
[BlackElo "2465"]
[WhiteFideId "7304307"]
[BlackFideId "505455"]
[EventDate "2025.06.24"]

1. d4 g6 2. Nf3 Bg7 3. c4 b6 4. Nc3 Bb7 5. e4 d6 6. Bd3 Nd7 7. O-O Ngf6 8. Re1
O-O 9. Bf4 e5 10. dxe5 dxe5 11. Nxe5 Nh5 12. Nxd7 Nxf4 13. Nxf8 Nxd3 14. Re3
Nxb2 15. Qb3 Qd2 16. Rb1 Nd3 17. Nd1 Rd8 18. Nxh7 Kxh7 19. c5 Nxc5 20. Qxf7
Qxd1+ 21. Re1 Qd7 22. Qf4 Bxe4 23. Qh4+ Kg8 24. Rb4 Re8 25. f3 Bf5 26. Qc4+ Be6
27. Qc2 Bf7 28. Rd1 Qe6 29. Rbd4 Bxd4+ 0-1

[Event "Titled Tue 24th Jun Early"]
[Site "chess.com INT"]
[Date "2025.06.24"]
[Round "3"]
[White "Dinesh, Rajan M"]
[Black "Logozar, Elijah"]
[Result "0-1"]
[WhiteTitle "CM"]
[WhiteElo "2133"]
[BlackElo "1928"]
[WhiteFideId "35060600"]
[BlackFideId "30963788"]
[EventDate "2025.06.24"]

1. Nf3 c5 2. d4 cxd4 3. Nxd4 e5 4. Nb3 d5 5. e3 Nf6 6. Be2 Nc6 7. O-O Bd6 8.
N1d2 h5 9. c4 e4 10. h3 Be6 11. cxd5 Bxd5 12. Bc4 Qe7 13. Bxd5 Nxd5 14. Nc4
O-O-O 15. Nxd6+ Rxd6 16. Qc2 Nb4 17. Qc4 Rhd8 18. Nc5 Rd1 19. Nxe4 Rxf1+ 20.
Kxf1 b5 21. Qxb5 Qxe4 22. a3 Rd1+ 23. Ke2 Qc2+ 24. Kf3 Nd3 25. Qf5+ Kb8 26. Kg3
g6 27. Qxf7 Rxc1 28. Rxc1 Nxc1 29. b4 Ne2+ 30. Kh2 Qb1 31. Qe8+ Kb7 32. Qd7+ Kb6 0-1

[Event "Titled Tue 24th Jun Early"]
[Site "chess.com INT"]
[Date "2025.06.24"]
[Round "3"]
[White "Jakubowski, Krzysztof"]
[Black "Cornelisse, Lorelei"]
[Result "1-0"]
[WhiteTitle "GM"]
[BlackTitle "WFM"]
[WhiteElo "2448"]
[BlackElo "2138"]
[WhiteFideId "1112848"]
[BlackFideId "1087177"]
[EventDate "2025.06.24"]

1. e4 e5 2. Nf3 Nc6 3. Bc4 Nf6 4. Ng5 d5 5. exd5 b5 6. Bf1 Nxd5 7. Bxb5 Bd7 8.
Qf3 Qxg5 9. Qxd5 Qg6 10. O-O Qd6 11. Nc3 Be7 12. Re1 O-O 13. Bxc6 Bxc6 14. Qxe5
Qg6 15. Qg3 Bc5 16. d3 Rab8 17. Ne4 Rfe8 18. Qxg6 hxg6 19. Kf1 Bf8 20. b3 f5 21.
Bf4 fxe4 22. dxe4 Rxe4 23. Bxc7 Rc8 24. Be5 1-0

[Event "Titled Tue 24th Jun Early"]
[Site "chess.com INT"]
[Date "2025.06.24"]
[Round "3"]
[White "Ivannikov, Maksim"]
[Black "Carlsen, Magnus"]
[Result "1-0"]
[WhiteTitle "CM"]
[BlackTitle "GM"]
[WhiteElo "2184"]
[BlackElo "2837"]
[WhiteFideId "34275339"]
[BlackFideId "1503014"]
[EventDate "2025.06.24"]

1. e4 e6 2. d4 d5 3. exd5 exd5 4. Nf3 Nc6 5. Bd3 Nb4 6. Be2 Bf5 7. Na3 Nf6 8. c3
Nc6 9. O-O Bxa3 10. bxa3 O-O 11. Bd3 Bxd3 12. Qxd3 h6 13. Rb1 b6 14. Bf4 Re8 15.
h3 Qd7 16. Rfe1 Rxe1+ 17. Rxe1 Re8 18. Ne5 Nxe5 19. dxe5 Qe6 20. Qa6 Ne4 21.
Qxa7 c5 22. a4 Qf5 23. Bg3 Nxg3 24. fxg3 Qd3 25. Rf1 Rf8 26. Qxb6 Qxc3 27. e6
Qe3+ 28. Kh2 Kh7 29. Rxf7 Rg8 30. e7 Re8 31. Qd8 Rxd8 32. exd8=Q d4 33. Qf6 1-0

[Event "Titled Tue 24th Jun Early"]
[Site "chess.com INT"]
[Date "2025.06.24"]
[Round "3"]
[White "Seiger, Vidar"]
[Black "Akshat Sureka"]
[Result "0-1"]
[WhiteTitle "CM"]
[BlackTitle "FM"]
[WhiteElo "2224"]
[BlackElo "2339"]
[WhiteFideId "1756079"]
[BlackFideId "25774492"]
[EventDate "2025.06.24"]

1. e4 c5 2. Nf3 d6 3. Nc3 Nf6 4. Bb5+ Bd7 5. Qe2 e5 6. Bxd7+ Qxd7 7. d3 Nc6 8.
Bg5 Nd4 9. Qd1 Qg4 10. Nxd4 Qxg5 11. Ndb5 Qxg2 12. Ke2 Qg4+ 13. f3 Qg2+ 14. Ke3
g6 15. Ne2 Bh6+ 16. f4 exf4+ 17. Nxf4 Ng4+ 0-1

[Event "Titled Tue 24th Jun Early"]
[Site "chess.com INT"]
[Date "2025.06.24"]
[Round "3"]
[White "Mitrabha, Guha"]
[Black "Negrean, Andrei"]
[Result "1-0"]
[WhiteTitle "GM"]
[BlackTitle "FM"]
[WhiteElo "2515"]
[BlackElo "2352"]
[WhiteFideId "5057000"]
[BlackFideId "1291513"]
[EventDate "2025.06.24"]

1. Nf3 Nf6 2. c4 g6 3. g3 Bg7 4. Bg2 O-O 5. O-O c6 6. d4 d5 7. cxd5 cxd5 8. Ne5
e6 9. Nc3 Nfd7 10. Nf3 Nc6 11. b3 a6 12. e3 b5 13. Bb2 Bb7 14. Ne1 Rc8 15. Nd3
Re8 16. Rc1 Qb6 17. Qe2 Rc7 18. Bxd5 Nxd4 19. exd4 Rxc3 20. Bxc3 Bxd5 21. Nf4
Nf6 22. Nxd5 Nxd5 23. Bb2 Bxd4 24. Bxd4 Qxd4 25. Rfd1 Nc3 26. Qb2 b4 27. Rxd4 1-0

[Event "Titled Tue 24th Jun Early"]
[Site "chess.com INT"]
[Date "2025.06.24"]
[Round "3"]
[White "Alikulov, Elbek"]
[Black "Roebers, Eline"]
[Result "0-1"]
[WhiteTitle "IM"]
[BlackTitle "IM"]
[WhiteElo "2305"]
[BlackElo "2356"]
[WhiteFideId "14203308"]
[BlackFideId "1058401"]
[EventDate "2025.06.24"]

1. e4 c5 2. Nf3 e6 3. d4 cxd4 4. Nxd4 Nf6 5. Nc3 Nc6 6. Ndb5 Bc5 7. Bf4 O-O 8.
Bd6 Bxd6 9. Nxd6 a6 10. Nxc8 Rxc8 11. Qd6 b5 12. Bd3 b4 13. Ne2 Qc7 14. Qxc7
Rxc7 15. Bxa6 Nxe4 16. Bd3 Nc5 17. Kd2 Ra8 18. c3 Rca7 19. Nd4 Nxd4 20. cxd4
Nb3+ 21. axb3 Rxa1 22. Bb1 Kf8 23. Rc1 Ke7 24. Kd3 h5 25. Rd1 Rc8 26. f3 d5 27.
f4 Kd6 28. g3 f6 29. Re1 g5 30. fxg5 fxg5 31. Kd2 h4 32. g4 Rf8 0-1

[Event "Titled Tue 24th Jun Early"]
[Site "chess.com INT"]
[Date "2025.06.24"]
[Round "3"]
[White "Skiadopoulos, Nikolaos"]
[Black "Gunawardhana, Devindya Oshini"]
[Result "0-1"]
[WhiteTitle "CM"]
[BlackTitle "WIM"]
[WhiteElo "1882"]
[BlackElo "2121"]
[WhiteFideId "4200772"]
[BlackFideId "29941482"]
[EventDate "2025.06.24"]

1. e4 e5 2. f4 d5 3. exd5 exf4 4. Nf3 Nf6 5. c4 c6 6. d4 cxd5 7. Bxf4 Bb4+ 8.
Nc3 O-O 9. Be2 Ne4 10. O-O Bxc3 11. bxc3 Nxc3 12. Qc2 Nxe2+ 13. Qxe2 dxc4 14.
Qxc4 Be6 15. Qd3 Nc6 16. Rad1 Qd5 17. a3 Bf5 18. Qc3 Rad8 19. Rfe1 Bg4 20. Be5
Bxf3 21. Qxf3 f6 22. Bg3 Qxf3 23. gxf3 Nxd4 24. Kg2 Nc2 25. Rxd8 Nxe1+ 26. Bxe1
Rxd8 0-1

[Event "Titled Tue 24th Jun Early"]
[Site "chess.com INT"]
[Date "2025.06.24"]
[Round "3"]
[White "Reshetnikov, Alexey"]
[Black "Beyer, Lorenz"]
[Result "1-0"]
[WhiteTitle "IM"]
[BlackTitle "CM"]
[WhiteElo "2492"]
[BlackElo "2226"]
[WhiteFideId "4162080"]
[BlackFideId "16245393"]
[EventDate "2025.06.24"]

1. d4 Nf6 2. c4 e6 3. Nc3 d5 4. Bg5 Be7 5. e3 O-O 6. Nf3 h6 7. Bh4 b6 8. Rc1 Bb7
9. cxd5 Nxd5 10. Nxd5 Bxd5 11. Bxe7 Qxe7 12. Be2 c5 13. dxc5 bxc5 14. O-O Nd7
15. Qc2 Nf6 16. b3 Rac8 17. Nd2 Rfd8 18. Rfd1 Qb7 19. f3 Bc6 20. Nc4 Nd5 21. e4
Nb4 22. Qb2 Bb5 23. Nd6 Rxd6 24. Rxd6 Bxe2 25. Qxe2 Qc7 26. Rd2 Qb6 27. Kh1 a5
28. Qc4 Rd8 29. Qxc5 Qxc5 30. Rxd8+ Qf8 31. Rcc8 1-0

[Event "Titled Tue 24th Jun Early"]
[Site "chess.com INT"]
[Date "2025.06.24"]
[Round "3"]
[White "Tovmasian, Vardges"]
[Black "Sjugirov, Sanan"]
[Result "0-1"]
[WhiteTitle "IM"]
[BlackTitle "GM"]
[WhiteElo "2352"]
[BlackElo "2635"]
[WhiteFideId "13302736"]
[BlackFideId "4189302"]
[EventDate "2025.06.24"]

1. e4 c6 2. Nc3 d5 3. Nf3 Bg4 4. h3 Bxf3 5. Qxf3 e6 6. d3 Nd7 7. Bd2 a5 8. g4 d4
9. Nd1 Bb4 10. c3 Bc5 11. Qg3 a4 12. c4 Ne7 13. Bg2 e5 14. f4 exf4 15. Qxf4 Ng6
16. Qg3 Nde5 17. O-O Bd6 18. Qf2 Qe7 19. Qe2 Nh4 20. Bh1 h5 21. g5 Qe6 22. Bg2
O-O-O 23. Be1 Nxg2 24. Kxg2 f6 25. gxf6 gxf6 26. Rf5 Rdg8+ 27. Kh1 Rg5 28. Qf1
Rhg8 29. Rxg5 fxg5 30. Kg2 Rf8 31. Qe2 g4 32. Bg3 Ng6 33. e5 Bxe5 34. Nf2 h4 35.
Bxe5 Nf4+ 0-1

[Event "Titled Tue 24th Jun Early"]
[Site "chess.com INT"]
[Date "2025.06.24"]
[Round "3"]
[White "Katishonok, Nikolaj"]
[Black "FAWOLE, John Oyeyemi"]
[Result "1-0"]
[WhiteTitle "FM"]
[BlackTitle "FM"]
[WhiteElo "2004"]
[BlackElo "1987"]
[WhiteFideId "11600225"]
[BlackFideId "8501319"]
[EventDate "2025.06.24"]

1. Nf3 c5 2. c4 Nc6 3. g3 Nf6 4. Bg2 d5 5. cxd5 Nxd5 6. b3 Nc7 7. Bb2 f6 8. d4
cxd4 9. Nxd4 Nxd4 10. Qxd4 Qxd4 11. Bxd4 e5 12. Bb2 Bb4+ 13. Bc3 Na6 14. O-O O-O
15. Rc1 Rb8 16. Nd2 Ba3 17. Rd1 Be6 18. Nc4 Bxc4 19. bxc4 Rfc8 20. Rd7 Nc5 21.
Bd5+ Kh8 22. Rf7 1-0

[Event "Titled Tue 24th Jun Early"]
[Site "chess.com INT"]
[Date "2025.06.24"]
[Round "3"]
[White "Zhigalko, Sergei"]
[Black "Dann, Matthias"]
[Result "0-1"]
[WhiteTitle "GM"]
[BlackTitle "IM"]
[WhiteElo "2572"]
[BlackElo "2446"]
[WhiteFideId "13502956"]
[BlackFideId "24638056"]
[EventDate "2025.06.24"]

1. e4 c5 2. Nf3 d6 3. d4 cxd4 4. Qxd4 Nc6 5. Bb5 Bd7 6. Bxc6 Bxc6 7. Nc3 Nf6 8.
Bg5 e6 9. O-O-O Be7 10. Rhe1 O-O 11. Kb1 b5 12. Bxf6 Bxf6 13. Qxd6 Qxd6 14. Rxd6
Rfc8 15. Nd4 Be8 16. Ndxb5 a6 17. e5 Be7 18. Nd4 Bxd6 19. exd6 Rd8 20. Ne4 f5
21. Nc5 Rxd6 22. Ncxe6 Bd7 23. c4 Bxe6 24. Rxe6 Rxd4 25. b3 Rd2 26. Rxa6 Rxa6 0-1

[Event "Titled Tue 24th Jun Early"]
[Site "chess.com INT"]
[Date "2025.06.24"]
[Round "3"]
[White "Birkisson, Bjorn Holm"]
[Black "Lloret Ramis, Juan Jose"]
[Result "1-0"]
[WhiteTitle "CM"]
[BlackTitle "FM"]
[WhiteElo "2128"]
[BlackElo "2019"]
[WhiteFideId "2310600"]
[BlackFideId "2204053"]
[EventDate "2025.06.24"]

1. e4 c5 2. Nf3 e6 3. g3 d5 4. exd5 exd5 5. Bg2 Nc6 6. O-O Bd6 7. d4 Nge7 8.
dxc5 Bxc5 9. Nc3 O-O 10. h3 Bf5 11. a3 Qd7 12. g4 Bg6 13. b4 Bb6 14. Bb2 d4 15.
Ne2 d3 16. cxd3 Qxd3 17. Nf4 Qxd1 18. Rfxd1 Be4 19. Re1 Bxf3 20. Bxf3 Rfe8 21.
Nh5 Nd4 22. Bxb7 Rab8 23. Rad1 Nc2 24. Re2 Rxb7 25. Rxc2 Ng6 26. Nxg7 Re2 27.
Rxe2 1-0

[Event "Titled Tue 24th Jun Early"]
[Site "chess.com INT"]
[Date "2025.06.24"]
[Round "3"]
[White "Hayrapetyan, Edgar"]
[Black "Nugumanov, Bakhtiyar"]
[Result "1-0"]
[WhiteTitle "FM"]
[BlackTitle "IM"]
[WhiteElo "2161"]
[BlackElo "2305"]
[WhiteFideId "13313568"]
[BlackFideId "13701797"]
[EventDate "2025.06.24"]

1. e4 e6 2. d4 d5 3. Nc3 Bb4 4. e5 c5 5. a3 Bxc3+ 6. bxc3 Ne7 7. h4 Qc7 8. Rh3
b6 9. a4 Ba6 10. Bb5+ Bxb5 11. axb5 Nd7 12. Nf3 Rc8 13. Bd2 h5 14. Ra4 Nf5 15.
Qa1 cxd4 16. cxd4 Qxc2 17. Rxa7 Qe4+ 18. Kf1 Qd3+ 19. Kg1 Qxb5 20. Qa3 Nh6 21.
Bxh6 Rxh6 22. Rg3 g6 23. Ng5 Qb1+ 24. Kh2 Rd8 25. Nxf7 Kxf7 26. Rf3+ Kg8 27. Qe7
Rf8 28. Rxf8+ Nxf8 29. Qg7# 1-0

[Event "Titled Tue 24th Jun Early"]
[Site "chess.com INT"]
[Date "2025.06.24"]
[Round "3"]
[White "Tikhonov, Viacheslav"]
[Black "Ermachenko, Manuel"]
[Result "0-1"]
[WhiteTitle "CM"]
[BlackTitle "CM"]
[WhiteElo "2183"]
[BlackElo "2277"]
[WhiteFideId "44196407"]
[BlackFideId "24560952"]
[EventDate "2025.06.24"]

1. e4 c5 2. Nf3 e6 3. b3 d5 4. exd5 exd5 5. Bb5+ Nc6 6. O-O Nf6 7. Re1+ Be6 8.
Ng5 Qd7 9. Qe2 O-O-O 10. Nxe6 Re8 11. Bb2 Rxe6 12. Qf1 Rxe1 13. Qxe1 Bd6 14.
Bxc6 Qxc6 15. d4 Re8 16. Qd1 c4 17. Nc3 b5 18. a4 b4 19. Nb5 Bb8 20. bxc4 dxc4
21. d5 Qxd5 22. Bxf6 Qxd1+ 23. Rxd1 gxf6 24. Kf1 a6 25. Nd6+ Bxd6 26. Rxd6 Re6
27. Rd4 Rc6 28. Ke2 a5 29. Rd5 Re6+ 30. Kd2 Re5 31. Rd6 c3+ 32. Kd3 Rc5 33. Rxf6
b3 34. Rb6 b2 35. Rb3 Rc7 36. Kd4 Rb7 37. Kxc3 b1=Q 0-1

[Event "Titled Tue 24th Jun Early"]
[Site "chess.com INT"]
[Date "2025.06.24"]
[Round "3"]
[White "Aranda, Juan Manuel"]
[Black "Marin Ferragut, Pau"]
[Result "0-1"]
[WhiteTitle "CM"]
[BlackTitle "FM"]
[WhiteElo "2134"]
[BlackElo "2380"]
[WhiteFideId "160458"]
[BlackFideId "54716020"]
[EventDate "2025.06.24"]

1. Nf3 d5 2. g3 g6 3. Bg2 Bg7 4. O-O e5 5. d3 Ne7 6. c4 c6 7. cxd5 cxd5 8. Nc3
Nbc6 9. b3 e4 10. Bb2 exf3 11. Bxf3 O-O 12. Rc1 Be6 13. Qd2 Qa5 14. h4 h5 15.
Rfd1 Rac8 16. a3 Nd4 17. b4 Nxf3+ 18. exf3 Qd8 19. Re1 Qd7 20. Qg5 Nf5 21. Kg2
Rc6 22. b5 Rcc8 23. a4 Kh7 24. g4 hxg4 25. fxg4 f6 26. Qf4 Nxh4+ 27. Kg3 g5 28.
Qe3 Bxg4 29. Qxa7 Qd6+ 0-1